図説日本の産業 (昭和58年版) : 新しい技術革新の胎動
Guardat en:
| Autor principal: | |
|---|---|
| Format: | Llibre |
| Idioma: | Undetermined |
| Publicat: |
東京
財経詳報社
1983
|
| Matèries: | |
| Etiquetes: |
Afegir etiqueta
Sense etiquetes, Sigues el primer a etiquetar aquest registre!
|
| Thư viện lưu trữ: | Trung tâm Học liệu Trường Đại học Cần Thơ |
|---|
| LEADER | 00555nam a2200193Ia 4500 | ||
|---|---|---|---|
| 001 | CTU_86464 | ||
| 008 | 210402s9999 xx 000 0 und d | ||
| 082 | |a 338.0952 | ||
| 082 | |b T161 | ||
| 100 | |a 田辺俊彦(たなべ としひこ) | ||
| 245 | 0 | |a 図説日本の産業 (昭和58年版) : | |
| 245 | 0 | |b 新しい技術革新の胎動 | |
| 245 | 0 | |c 田辺俊彦 | |
| 260 | |a 東京 | ||
| 260 | |b 財経詳報社 | ||
| 260 | |c 1983 | ||
| 650 | |a Japanese economy | ||
| 904 | |i Ngoc | ||
| 980 | |a Trung tâm Học liệu Trường Đại học Cần Thơ | ||